000 01210nam a2200313 4500
001 0000019753
003 CO-CtgCURN
005 20250331185202.0
007 ta
008 160627s2000 000 0 eng d
020 _a8445809717
040 _aCO-CtgCURN
_bspa
_ccoctgcurn
082 0 _a616.132
_bM17d
100 1 _aCordoba García, Rodrigo.
245 1 0 _aDiagnóstico y tratamiento de la hipertension arterial en situaciones especiales /
_cRodrigo Cordoba García , Amando Martin Zurro, Josep María Argimon Pallas, Josep Jiménez Villa.
260 _aMadrid :
_bMasson,
_c2000.
300 _a174 p.
336 _2rdacontent
337 _2rdamedia
_asin mediacion
_bn
338 _2rdacarrier
_avolumen
_bnc
500 _aIncluye indice.
504 _aBibliografia (p. 173-174)
505 8 _aHipertension arterial.--Hipertension en el paciente anciano.--Hipertension arterial y enfermedad cardivascular.--Hipertension arterial y dislipemia.--Miscelanea
650 1 4 _aHipertension arterial
_vPreguntas y respuestas.
700 1 _aMartin Zurro, Amando.
908 _a160627
942 _cBK
_h616.132
_iM17d
_2ddc
999 _c22312
_d22312